000 00450nam a2200181Ia 4500
001 43135
008 140425s9999 xx 000 0 und d
020 _aNA
040 _cPK-LaUMT
082 _aRHC 891.4393
_bZUH-I
100 _aZuhair Kunjahi
245 _aIrfan mahal (Urdu)
_cZuhair Kunjahi
260 _aRawalpindi,Pakistan:
_bAfqra Academy,
_c2004
300 _a136 p.
546 _aUR
650 _aPakistani literature-Urdu
942 _cBK
999 _c41146
_d41146